Top 10 - Buteurs en Ligue 1 saison 09/10 - Statistiques

Statistiques générales
  • Ce quiz a été pris 31 fois
  • Le résultat moyen est 4 sur 10
Statistiques - réponses
Club Buts Joueur % Correct
Olympique de Marseille 18 Mamadou Niang
89%
Olympique Lyonnais 15 Lisandro Lopez
86%
FC Lorient 17 Kevin Gameiro
68%
Paris Saint-Germain 14 Nenê
61%
Lille OSC 13 Gervinho
46%
Paris Saint-Germain 15 Mevlut Erding
32%
OGC Nice 14 Loic Rémy
21%
Lille OSC 13 Pierre-Alain Frau
18%
AJ Auxerre 14 Ireneusz Jelen
11%
Lille OSC 13 Yohan Cabaye
7%
Aucun quiz correspondant
Distribution des résultats
% des personnes avec chaque résultat
Percentile par nombre de réponses
Votre historique - résultats
Vous n’avez pas pris ce quiz